[Event "FIN-chT 0910"]
[Site "Finland"]
[Date "2010.02.13"]
[Round "6.3"]
[White "Hartikainen, Markku"]
[Black "Molander, Riku"]
[Result "1-0"]
[WhiteElo "2312"]
[BlackElo "2277"]
[PlyCount "73"]
[EventDate "2009.09.19"]
[EventType "team-tourn"]
[EventRounds "9"]
[EventCountry "FIN"]
[SourceTitle "EXT 2022"]
[Source "ChessBase"]
[SourceDate "2021.10.06"]
[SourceVersion "1"]
[SourceVersionDate "2021.10.06"]
[SourceQuality "1"]
[WhiteTeam "Helsinki HSK"]
[BlackTeam "Porvoo Velhot"]
[WhiteTeamCountry "FIN"]
[BlackTeamCountry "FIN"]

1. e4 e5 2. Nf3 Nc6 3. Bb5 Nd4 4. Nxd4 exd4 5. 0-0 c6 6. Bc4 d5 7. exd5 cxd5 8. Bb5+ Bd7 9. Qe2+ Be7 10. Bxd7+ Qxd7 11. Qe5 Rc8 12. Qxg7 Bf6 13. Re1+ Kd8 14. Qf8+ Kc7 15. Qb4 Ne7 16. d3 Ng6 17. Nd2 Kb8 18. Nf3 Rhg8 19. Nxd4 Ka8 20. Nf3 Rxc2 21. Qb3 Qg4 22. h3 Qc8 23. Qxd5 Bh4 24. Rf1 Bxf2+ 25. Rxf2 Rxc1+ 26. Rxc1 Qxc1+ 27. Kh2 Qf4+ 28. g3 Qe3 29. Qd4 Qe6 30. b3 Re8 31. Ng5 Qe1 32. Nxf7 a6 33. Ng5 Ne5 34. Kg2 Nc6 35. Qf4 Ne5 36. Qe4 Qc1 37. Nf3 1-0

[Event "FIN-chT 0809"]
[Site "Finland"]
[Date "2009.03.15"]
[Round "9.5"]
[White "Pihlajasalo, Hannu"]
[Black "Molander, Riku"]
[Result "1-0"]
[WhiteElo "2248"]
[BlackElo "2291"]
[PlyCount "79"]
[EventDate "2008.09.06"]
[EventType "team-tourn"]
[EventRounds "9"]
[EventCountry "FIN"]
[SourceTitle "EXT 2022"]
[Source "ChessBase"]
[SourceDate "2021.10.06"]
[SourceVersion "1"]
[SourceVersionDate "2021.10.06"]
[SourceQuality "1"]
[WhiteTeam "Salo SK"]
[BlackTeam "Helsinki Velhot"]
[WhiteTeamCountry "FIN"]
[BlackTeamCountry "FIN"]

1. d4 d5 2. c4 c6 3. cxd5 cxd5 4. Nc3 Nf6 5. Bf4 Nc6 6. e3 g6 7. Nb5 e5 8. dxe5 Bb4+ 9. Nc3 Ne4 10. Nge2 g5 11. Bg3 h5 12. h4 Qa5 13. a3 Bxc3+ 14. bxc3 Nxg3 15. fxg3 Bg4 16. hxg5 0-0-0 17. Qb3 Nxe5 18. Nd4 a6 19. Rb1 Qc7 20. Kf2 Rhe8 21. a4 Rd6 22. Qc2 Kb8 23. Bd3 Qe7 24. Rhe1 Qxg5 25. e4 h4 26. Re3 hxg3+ 27. Rxg3 Qf4+ 28. Nf3 Bxf3 29. gxf3 dxe4 30. Be2 Rd2 31. Qb3 Nd3+ 32. Kf1 Nc5 33. Rg4 Qe3 34. Qc4 Rh8 35. Rxe4 Rh1+ 36. Kg2 Rxe2+ 37. Qxe2 Qxe2+ 38. Rxe2 Rxb1 39. Re8+ Ka7 40. Ra8+ 1-0

[Event "FIN-chT 0809"]
[Site "Finland"]
[Date "2008.10.04"]
[Round "3.3"]
[White "Molander, Riku"]
[Black "Lehtivaara, Petri"]
[Result "0-1"]
[WhiteElo "2291"]
[BlackElo "2394"]
[PlyCount "30"]
[EventDate "2008.09.06"]
[EventType "team-tourn"]
[EventRounds "9"]
[EventCountry "FIN"]
[SourceTitle "EXT 2022"]
[Source "ChessBase"]
[SourceDate "2021.10.06"]
[SourceVersion "1"]
[SourceVersionDate "2021.10.06"]
[SourceQuality "1"]
[WhiteTeam "Helsinki Velhot"]
[BlackTeam "Espoo MatSK"]
[WhiteTeamCountry "FIN"]
[BlackTeamCountry "FIN"]

1. e4 e6 2. d4 d5 3. e5 c5 4. c3 Nc6 5. Nf3 Qb6 6. a3 c4 7. Nbd2 Bd7 8. g3 Na5 9. Bh3 Be7 10. 0-0 0-0-0 11. Ne1 g5 12. Qh5 Rf8 13. f4 gxf4 14. Rxf4 f5 15. g4 Be8 0-1

[Event "FIN-chT 0708"]
[Site "Finland"]
[Date "2007.09.16"]
[Round "2.5"]
[White "Molander, Riku"]
[Black "Tuominen, Risto"]
[Result "0-1"]
[WhiteElo "2293"]
[BlackElo "2293"]
[PlyCount "108"]
[EventDate "2007.09.15"]
[EventType "team-tourn"]
[EventRounds "9"]
[EventCountry "FIN"]
[SourceTitle "EXT 2022"]
[Source "ChessBase"]
[SourceDate "2021.10.06"]
[SourceVersion "1"]
[SourceVersionDate "2021.10.06"]
[SourceQuality "1"]
[WhiteTeam "Helsinki Velhot"]
[BlackTeam "Turku TS"]
[WhiteTeamCountry "FIN"]
[BlackTeamCountry "FIN"]

1. c4 e5 2. g3 f5 3. Bg2 Nf6 4. d3 d6 5. Nc3 g6 6. e3 Bg7 7. Nge2 0-0 8. 0-0 c6 9. b3 d5 10. Ba3 Re8 11. Re1 Be6 12. Rc1 Na6 13. Qc2 Qa5 14. Bd6 Rad8 15. c5 e4 16. dxe4 dxe4 17. a3 Qxa3 18. Ra1 Qb4 19. Reb1 Nxc5 20. Na2 Bxb3 21. Qxc5 Qc4 22. Nac3 Nd5 23. Nxd5 Bxa1 24. Nc7 Qxc5 25. Bxc5 Re5 26. Nd4 Bf7 27. Rxa1 Rxc5 28. Nce6 Rcd5 29. Nxd8 Rxd8 30. f3 c5 31. Ne2 Rd2 32. Nc3 Rd3 33. Ne2 a6 34. fxe4 fxe4 35. Kf2 Rd6 36. Bxe4 b5 37. Bb7 Bc4 38. Ke1 Rd3 39. Nf4 Rxe3+ 40. Kd2 Re7 41. Bxa6 g5 42. Nd3 Rd7 43. Ra3 Rd6 44. Bb7 b4 45. Ra8+ Kg7 46. Be4 Bxd3 47. Bxd3 c4 48. Ra7+ Kf6 49. Rxh7 Rxd3+ 50. Kc2 b3+ 51. Kb2 Rd2+ 52. Kc1 c3 53. Rb7 b2+ 54. Kb1 Rd1+ 0-1

[Event "FIN-chT 0607"]
[Site "Finland"]
[Date "2007.02.10"]
[Round "7.4"]
[White "Niemi, Kalle"]
[Black "Molander, Riku"]
[Result "1/2-1/2"]
[WhiteElo "2255"]
[BlackElo "2319"]
[PlyCount "141"]
[EventDate "2006.09.14"]
[EventType "team-tourn"]
[EventRounds "9"]
[EventCountry "FIN"]
[SourceTitle "EXT 2022"]
[Source "ChessBase"]
[SourceDate "2021.10.06"]
[SourceVersion "1"]
[SourceVersionDate "2021.10.06"]
[SourceQuality "1"]
[WhiteTeam "Turku TS"]
[BlackTeam "Helsinki Velhot"]
[WhiteTeamCountry "FIN"]
[BlackTeamCountry "FIN"]

1. e4 e5 2. Nf3 Nc6 3. Bb5 a6 4. Ba4 d6 5. c3 Nf6 6. d4 Bd7 7. 0-0 Be7 8. Re1 0-0 9. Nbd2 Re8 10. Nf1 Bf8 11. Ng3 g6 12. h3 Bg7 13. a3 Qe7 14. b4 Qf8 15. Bb3 Re7 16. Qd3 Rae8 17. Bd2 Kh8 18. a4 d5 19. dxe5 dxe4 20. Nxe4 Nxe4 21. Qxe4 Bf5 22. Qh4 Nxe5 23. Ng5 h6 24. f4 Nc6 25. Nf3 Kg8 26. a5 Re2 27. Qg3 Rxe1+ 28. Rxe1 Rxe1+ 29. Qxe1 Qc8 30. Nh4 Be6 31. Bxe6 Qxe6 32. Qxe6 fxe6 33. Nxg6 b6 34. c4 bxa5 35. bxa5 Kf7 36. Nh4 Ke7 37. g4 Kd6 38. f5 Bf6 39. Ng2 exf5 40. gxf5 Nd4 41. Bxh6 Nxf5 42. Bf4+ Be5 43. Kf2 Bxf4 44. Nxf4 Kc5 45. Ne6+ Kd6 46. Nf4 Kc5 47. Nd5 c6 48. Nc7 Kxc4 49. Nxa6 Kb5 50. Nb8 Kxa5 51. Nxc6+ Kb5 52. Ne5 Kc5 53. Kf3 Kd5 54. Kf4 Ke6 55. Ng4 Nh4 56. Kg5 Ng2 57. Nh6 Ke7 58. Kg4 Kf6 59. Kg3 Ne3 60. Ng4+ Nxg4 61. hxg4 Kg5 62. Kf3 Kg6 63. Kf4 Kf6 64. g5+ Kg6 65. Kg4 Kg7 66. Kf5 Kf7 67. g6+ Kg7 68. Kg5 Kg8 69. Kf6 Kf8 70. g7+ Kg8 71. Kg6 1/2-1/2

[Event "FIN-chT 0607"]
[Site "Finland"]
[Date "2006.09.16"]
[Round "1.5"]
[White "Molander, Riku"]
[Black "Nevanlinna, Risto"]
[Result "1/2-1/2"]
[WhiteElo "2319"]
[BlackElo "2314"]
[PlyCount "102"]
[EventDate "2006.09.14"]
[EventType "team-tourn"]
[EventRounds "9"]
[EventCountry "FIN"]
[SourceTitle "EXT 2022"]
[Source "ChessBase"]
[SourceDate "2021.10.06"]
[SourceVersion "1"]
[SourceVersionDate "2021.10.06"]
[SourceQuality "1"]
[WhiteTeam "Helsinki Velhot"]
[BlackTeam "Jyvaskyla JyS"]
[WhiteTeamCountry "FIN"]
[BlackTeamCountry "FIN"]

1. e4 e5 2. Nf3 Nc6 3. Nc3 Nf6 4. d4 exd4 5. Nxd4 Bb4 6. Nxc6 bxc6 7. Bd3 d5 8. exd5 cxd5 9. 0-0 0-0 10. Bg5 Be6 11. f4 c6 12. f5 Bd7 13. Qf3 Re8 14. Kh1 Bd6 15. Ne2 Be5 16. Rab1 Qa5 17. Ng3 Qxa2 18. Nh5 Nxh5 19. Qxh5 f6 20. Bd2 Bxb2 21. Rbd1 Rab8 22. Rf4 Be5 23. Rh4 Rb1 24. Qxh7+ Kf7 25. Qg6+ Ke7 26. Qxg7+ Kd6 27. Bc1 Qa1 28. Qh6 Kc7 29. c4 Rh8 30. Bxb1 Rxh6 31. Bxh6 d4 32. c5 a5 33. Bd2 Qa3 34. Rc1 a4 35. Rh7 Qb2 36. Ba5+ Kc8 37. Rg1 a3 38. Rh8+ Kb7 39. Rh7 Kc8 40. Bd3 a2 41. Ba6+ Kb8 42. Bb6 Ka8 43. Rxd7 a1Q 44. Ra7+ Kb8 45. Rb7+ Kc8 46. Ra7+ Qxa6 47. Rxa6 Qf2 48. Ra8+ Kd7 49. Ra7+ Kc8 50. Ra8+ Kd7 51. Ra7+ Kc8 1/2-1/2

[Event "Heart of Finland op 16th"]
[Site "Jyvaskyla"]
[Date "2006.07.15"]
[Round "8"]
[White "Molander, Riku"]
[Black "Lonnqvist, Henrik"]
[Result "1/2-1/2"]
[WhiteElo "2319"]
[BlackElo "2169"]
[PlyCount "81"]
[EventDate "2006.07.07"]
[EventType "swiss"]
[EventRounds "9"]
[EventCountry "FIN"]
[SourceTitle "EXT 2022"]
[Source "ChessBase"]
[SourceDate "2021.10.06"]
[SourceVersion "1"]
[SourceVersionDate "2021.10.06"]
[SourceQuality "1"]

1. e4 c5 2. c3 d5 3. exd5 Qxd5 4. d4 Nc6 5. Nf3 Bg4 6. dxc5 Qxd1+ 7. Kxd1 0-0-0+ 8. Nbd2 Nf6 9. Be2 Ne4 10. Ke1 Nxc5 11. Ng5 Bxe2 12. Kxe2 Ne5 13. Ndf3 Ncd3 14. Nxe5 Nxe5 15. f4 h6 16. fxe5 hxg5 17. Bxg5 Rd5 18. Bf4 g5 19. Bg3 Bg7 20. Rad1 Rhd8 21. Rxd5 Rxd5 22. Rd1 Rxd1 23. Kxd1 Kd7 24. Ke2 Ke6 25. Kd3 Bxe5 26. Bxe5 Kxe5 27. g3 f5 28. h4 Kf6 29. c4 e5 30. b4 e4+ 31. Ke3 f4+ 32. gxf4 gxh4 33. Kxe4 h3 34. Kf3 Kf5 35. c5 h2 36. Kg2 Kxf4 37. Kxh2 Ke4 38. Kg3 Kd5 39. Kf4 a5 40. bxa5 Kxc5 41. Ke5 1/2-1/2

[Event "Heart of Finland op 16th"]
[Site "Jyvaskyla"]
[Date "2006.07.13"]
[Round "5"]
[White "Molander, Riku"]
[Black "Rehn, Ralf"]
[Result "1-0"]
[WhiteElo "2319"]
[BlackElo "2099"]
[PlyCount "59"]
[EventDate "2006.07.07"]
[EventType "swiss"]
[EventRounds "9"]
[EventCountry "FIN"]
[SourceTitle "EXT 2022"]
[Source "ChessBase"]
[SourceDate "2021.10.06"]
[SourceVersion "1"]
[SourceVersionDate "2021.10.06"]
[SourceQuality "1"]

1. e4 g6 2. d4 Bg7 3. Nc3 d6 4. f4 c6 5. Nf3 Qc7 6. Bd3 Bg4 7. Be3 Bxf3 8. Qxf3 e6 9. f5 e5 10. dxe5 Bxe5 11. 0-0 Qe7 12. Bc4 g5 13. f6 Nxf6 14. Bxg5 Nbd7 15. Kh1 Rg8 16. Bh4 Rg6 17. Ne2 Rh6 18. g3 Nb6 19. Bb3 0-0-0 20. c3 Rg8 21. Nd4 Bxd4 22. cxd4 Nbd7 23. Rad1 Qf8 24. e5 dxe5 25. dxe5 Rxh4 26. gxh4 Ng4 27. Qxf7 Qxf7 28. Bxf7 Rg7 29. e6 Ndf6 30. h3 1-0

[Event "FIN-chT 0506"]
[Site "Finland"]
[Date "2006.03.11"]
[Round "8.4"]
[White "Kekki, Petri"]
[Black "Molander, Riku"]
[Result "1-0"]
[WhiteElo "2369"]
[BlackElo "2333"]
[PlyCount "65"]
[EventDate "2005.09.10"]
[EventType "team-tourn"]
[EventRounds "9"]
[EventCountry "FIN"]
[SourceTitle "EXT 2022"]
[Source "ChessBase"]
[SourceDate "2021.10.06"]
[SourceVersion "1"]
[SourceVersionDate "2021.10.06"]
[SourceQuality "1"]
[WhiteTeam "Espoo MatSK"]
[BlackTeam "Helsinki Velhot"]
[WhiteTeamCountry "FIN"]
[BlackTeamCountry "FIN"]

1. d4 e6 2. Nf3 c5 3. e3 Nf6 4. Bd3 d5 5. b3 Nc6 6. Bb2 cxd4 7. exd4 Bd6 8. 0-0 0-0 9. a3 Bd7 10. Nbd2 Rc8 11. Ne5 Be8 12. Qe2 Qb6 13. Ndf3 Ne7 14. Kh1 Ng6 15. Nxg6 hxg6 16. Ne5 Qc7 17. f3 Nh5 18. f4 Qe7 19. Qf3 Nf6 20. Rfe1 Bc6 21. Qh3 Rfe8 22. Re2 a6 23. Rae1 Bxa3 24. Nxg6 fxg6 25. Bxa3 Qxa3 26. Bxg6 Re7 27. g4 Be8 28. f5 Rxc2 29. Rxc2 exf5 30. Rxe7 Qxe7 31. Bxf5 Qe1+ 32. Kg2 Bb5 33. Rf2 1-0

[Event "Rilton Cup 35th"]
[Site "Stockholm"]
[Date "2005.12.31"]
[Round "5"]
[White "Nyland, Thomas"]
[Black "Molander, Riku"]
[Result "1/2-1/2"]
[WhiteElo "2147"]
[BlackElo "2323"]
[PlyCount "39"]
[EventDate "2005.12.27"]
[EventType "swiss"]
[EventRounds "9"]
[EventCountry "SWE"]
[SourceTitle "CBM 110 Extra"]
[Source "ChessBase"]
[SourceDate "2006.03.10"]
[SourceVersion "2"]
[SourceVersionDate "2006.03.10"]
[SourceQuality "1"]

1. d4 Nf6 2. c4 c5 3. d5 e6 4. Nc3 exd5 5. cxd5 d6 6. e4 g6 7. Nf3 Bg7 8. Bd3 0-0 9. h3 Nh5 10. 0-0 Nd7 11. Be3 Qe7 12. Qd2 Ne5 13. Nxe5 Bxe5 14. Bg5 Bf6 15. Bxf6 Qxf6 16. Ne2 g5 17. Qc3 Qxc3 18. bxc3 Bd7 19. g4 Nf6 20. f4 1/2-1/2

[Event "FIN-chT 0506"]
[Site "Finland"]
[Date "2005.10.09"]
[Round "4.5"]
[White "Molander, Riku"]
[Black "Tolonen, Leo Toivovich"]
[Result "1/2-1/2"]
[WhiteElo "2333"]
[BlackElo "2372"]
[PlyCount "29"]
[EventDate "2005.09.10"]
[EventType "team-tourn"]
[EventRounds "9"]
[EventCountry "FIN"]
[SourceTitle "EXT 2022"]
[Source "ChessBase"]
[SourceDate "2021.10.06"]
[SourceVersion "1"]
[SourceVersionDate "2021.10.06"]
[SourceQuality "1"]
[WhiteTeam "Helsinki Velhot"]
[BlackTeam "Tampere OpusCapita"]
[WhiteTeamCountry "FIN"]
[BlackTeamCountry "FIN"]

1. e4 e6 2. d4 d5 3. Nc3 dxe4 4. Nxe4 Bd7 5. Nf3 Bc6 6. Bd3 Nd7 7. 0-0 Ngf6 8. Neg5 Bd6 9. Re1 h6 10. Nh3 Bxf3 11. Qxf3 c6 12. Nf4 0-0 13. Nh5 Nxh5 14. Qxh5 Nf6 15. Qf3 1/2-1/2

[Event "Heart of Finland op 15th"]
[Site "Jyvaskyla"]
[Date "2005.07.??"]
[Round "5"]
[White "Yrjola, Jouni"]
[Black "Molander, Riku"]
[Result "1-0"]
[WhiteElo "2399"]
[BlackElo "2333"]
[PlyCount "67"]
[EventDate "2005.07.18"]
[EventType "swiss"]
[EventRounds "10"]
[EventCountry "FIN"]
[SourceTitle "EXT 2022"]
[Source "ChessBase"]
[SourceDate "2021.10.06"]
[SourceVersion "1"]
[SourceVersionDate "2021.10.06"]
[SourceQuality "1"]

1. d4 e6 2. c4 c5 3. d5 exd5 4. cxd5 d6 5. Nc3 g6 6. e4 Bg7 7. Nf3 Nf6 8. h3 0-0 9. Bd3 Nh5 10. 0-0 Nd7 11. Bg5 Bf6 12. Be3 a6 13. a4 Re8 14. Nd2 Bd4 15. Bxd4 cxd4 16. Ne2 Nc5 17. Ra3 Qb6 18. Nc4 Qc7 19. a5 Nxe4 20. Nb6 Rb8 21. Qa4 Bf5 22. Qxd4 Nd2 23. Bxf5 Nxf1 24. Rc3 Qe7 25. Bg4 Nf6 26. Kxf1 Nxg4 27. Qxg4 Rbd8 28. g3 Kf8 29. Re3 Qc7 30. Rxe8+ Rxe8 31. Nc3 Kg8 32. Kg2 Re5 33. Qc8+ Qxc8 34. Nxc8 1-0

[Event "FIN-ch"]
[Site "Lahti"]
[Date "2005.06.20"]
[Round "7"]
[White "Sammalvuo, Tapani"]
[Black "Molander, Riku"]
[Result "1/2-1/2"]
[WhiteElo "2425"]
[BlackElo "2336"]
[PlyCount "82"]
[EventDate "2005.06.14"]
[EventType "swiss"]
[EventRounds "9"]
[EventCountry "FIN"]
[SourceTitle "EXT 2007"]
[Source "ChessBase"]
[SourceDate "2006.11.23"]
[SourceVersion "1"]
[SourceVersionDate "2006.11.23"]
[SourceQuality "1"]

1. e4 e6 2. d4 d5 3. Nd2 c5 4. exd5 Qxd5 5. Ngf3 cxd4 6. Bc4 Qd6 7. Qe2 Nf6 8. Nb3 Nc6 9. Bg5 Qb4+ 10. Bd2 Qb6 11. 0-0-0 Bd7 12. Bf4 Bc5 13. Ne5 Nxe5 14. Bxe5 Be7 15. Rxd4 a5 16. a3 Rc8 17. Rhd1 a4 18. Bxf6 Bxf6 19. Rxd7 axb3 20. c3 0-0 21. Kb1 Qc6 22. Bxb3 Qxg2 23. Ka2 Rc5 24. R1d2 Qxh2 25. Rxb7 h5 26. Bc2 h4 27. Qe4 Rf5 28. Qg4 Rg5 29. Qe4 Rf5 30. Qg4 Rg5 31. Qb4 h3 32. Rdd7 g6 33. f4 Rd5 34. Bxg6 Rxd7 35. Rxd7 fxg6 36. Qe4 Qg2 37. Qxe6+ Kh8 38. Qd6 Kg8 39. Qe6+ Kh8 40. Qd6 Kg8 41. Qe6+ Kh8 1/2-1/2

[Event "FIN-ch"]
[Site "Lahti"]
[Date "2005.06.18"]
[Round "5"]
[White "Molander, Riku"]
[Black "Maki Uuro, Miika"]
[Result "1/2-1/2"]
[WhiteElo "2336"]
[BlackElo "2398"]
[PlyCount "31"]
[EventDate "2005.06.14"]
[EventType "swiss"]
[EventRounds "9"]
[EventCountry "FIN"]
[SourceTitle "EXT 2007"]
[Source "ChessBase"]
[SourceDate "2006.11.23"]
[SourceVersion "1"]
[SourceVersionDate "2006.11.23"]
[SourceQuality "1"]

1. e4 c6 2. d4 d5 3. exd5 cxd5 4. c4 Nf6 5. Nc3 Nc6 6. Nf3 Bg4 7. cxd5 Nxd5 8. Qb3 Bxf3 9. gxf3 e6 10. Qxb7 Nxd4 11. Bb5+ Nxb5 12. Qc6+ Ke7 13. Qxb5 Qd7 14. Nxd5+ Qxd5 15. Qxd5 exd5 16. 0-0 1/2-1/2

[Event "FIN-ch"]
[Site "Lahti"]
[Date "2005.06.17"]
[Round "4"]
[White "Nouro, Mikael"]
[Black "Molander, Riku"]
[Result "1/2-1/2"]
[WhiteElo "2334"]
[BlackElo "2336"]
[PlyCount "28"]
[EventDate "2005.06.14"]
[EventType "swiss"]
[EventRounds "9"]
[EventCountry "FIN"]
[SourceTitle "EXT 2007"]
[Source "ChessBase"]
[SourceDate "2006.11.23"]
[SourceVersion "1"]
[SourceVersionDate "2006.11.23"]
[SourceQuality "1"]

1. e4 e6 2. d4 d5 3. Nc3 Nf6 4. Bg5 Bb4 5. e5 h6 6. Bd2 Bxc3 7. bxc3 Ne4 8. Qg4 g6 9. Bd3 Nxd2 10. Kxd2 c5 11. Nf3 Nc6 12. Rhb1 Qc7 13. h4 Bd7 14. a3 0-0-0 1/2-1/2

[Event "FIN-ch"]
[Site "Lahti"]
[Date "2005.06.16"]
[Round "3"]
[White "Molander, Riku"]
[Black "Tolonen, Leo Toivovich"]
[Result "1-0"]
[WhiteElo "2336"]
[BlackElo "2374"]
[PlyCount "81"]
[EventDate "2005.06.14"]
[EventType "swiss"]
[EventRounds "9"]
[EventCountry "FIN"]
[SourceTitle "EXT 2007"]
[Source "ChessBase"]
[SourceDate "2006.11.23"]
[SourceVersion "1"]
[SourceVersionDate "2006.11.23"]
[SourceQuality "1"]

1. e4 e6 2. d4 d5 3. Nc3 Bb4 4. e5 Qd7 5. Bd3 Bxc3+ 6. bxc3 Nc6 7. Qg4 f5 8. Qg3 Qf7 9. h4 Nge7 10. h5 h6 11. Ne2 b6 12. Nf4 Bb7 13. a4 Rg8 14. Ba3 0-0-0 15. Be2 Na5 16. Bxe7 Qxe7 17. Qg6 Rde8 18. g4 Rgf8 19. gxf5 exf5 20. Rg1 c5 21. Kf1 cxd4 22. cxd4 Qb4 23. Ne6 Rg8 24. Qf7 Qe7 25. Qxe7 Rxe7 26. Rg6 Bc6 27. Nf4 Rd8 28. Bd3 Kb8 29. Ke2 Be8 30. Rg3 Nc4 31. c3 Nb2 32. Bb5 Bxb5+ 33. axb5 Nc4 34. Kd3 Rc8 35. Rag1 Rec7 36. Rxg7 Nxe5+ 37. dxe5 Rxc3+ 38. Ke2 Rb3 39. Rg8 Rxb5 40. e6 d4 41. Nd3 1-0

[Event "FIN-ch"]
[Site "Lahti"]
[Date "2005.06.15"]
[Round "2"]
[White "Westerinen, Heikki MJ"]
[Black "Molander, Riku"]
[Result "1/2-1/2"]
[WhiteElo "2365"]
[BlackElo "2336"]
[PlyCount "42"]
[EventDate "2005.06.14"]
[EventType "swiss"]
[EventRounds "9"]
[EventCountry "FIN"]
[SourceTitle "EXT 2007"]
[Source "ChessBase"]
[SourceDate "2006.11.23"]
[SourceVersion "1"]
[SourceVersionDate "2006.11.23"]
[SourceQuality "1"]

1. e4 e6 2. d4 d5 3. Nc3 Nf6 4. Bg5 Bb4 5. e5 h6 6. Bd2 Bxc3 7. Bxc3 Ne4 8. Bb4 c5 9. Bxc5 Nxc5 10. dxc5 Qa5+ 11. Qd2 Qxc5 12. f4 Nc6 13. Nf3 Bd7 14. c3 f6 15. exf6 gxf6 16. 0-0-0 0-0-0 17. g3 Kb8 18. Bg2 Be8 19. Nd4 Rd6 20. Nxc6+ bxc6 21. Qd4 Qxd4 1/2-1/2

[Event "EU Union-ch"]
[Site "Cork"]
[Date "2005.03.26"]
[Round "5"]
[White "Jones, Gawain C B"]
[Black "Molander, Riku"]
[Result "1/2-1/2"]
[WhiteElo "2453"]
[BlackElo "2353"]
[PlyCount "193"]
[EventDate "2005.03.22"]
[EventType "swiss"]
[EventRounds "10"]
[EventCountry "IRL"]
[SourceTitle "CBM 105 Extra"]
[Source "ChessBase"]
[SourceDate "2005.05.01"]
[SourceVersion "1"]
[SourceVersionDate "2005.05.01"]
[SourceQuality "1"]

1. e4 e6 2. d4 d5 3. Nd2 c5 4. exd5 Qxd5 5. Ngf3 cxd4 6. Bc4 Qd6 7. 0-0 Nf6 8. Nb3 Nc6 9. Nbxd4 Nxd4 10. Nxd4 a6 11. c3 Qc7 12. Bd3 Bd6 13. h3 b6 14. Re1 0-0 15. Bg5 Be5 16. Qe2 Bxd4 17. cxd4 Nd5 18. Qh5 f5 19. Qe2 Qd6 20. Bc4 Re8 21. Qh5 Bd7 22. Re5 g6 23. Qe2 b5 24. Bxd5 exd5 25. Bf4 Rxe5 26. Bxe5 Qe7 27. Qf3 Qe6 28. Qe3 Rc8 29. h4 Qe7 30. g3 Rc6 31. Kg2 Be8 32. Re1 Re6 33. Qf3 Qf7 34. Kg1 Qd7 35. Qf4 Qe7 36. Kh2 Qd7 37. Qh6 Qe7 38. Kg2 Qf8 39. Qd2 Qe7 40. Rc1 Rc6 41. Rxc6 Bxc6 42. Qa5 Bb7 43. Qb6 Kf7 44. Qa7 Bc8 45. Qb8 Qd8 46. Bf4 Qe8 47. Qc7+ Qd7 48. Qe5 Qe8 49. Qc7+ Qd7 50. Qb8 Qb7 51. Qd6 Qe7 52. Qc6 Bd7 53. Qb7 Be8 54. Qxa6 Qe4+ 55. Kh2 Qxd4 56. Be3 Qe5 57. Qa7+ Qe7 58. Qd4 Qf6 59. Qxd5+ Qe6 60. Qb7+ Qe7 61. Qc8 Qe6 62. Qc7+ Qe7 63. Qc3 Qe4 64. Qb3+ Qe6 65. Qa3 Bc6 66. Qa7+ Ke8 67. Qb8+ Kd7 68. Bg5 Qe4 69. Qd8+ Ke6 70. Qe7+ Kd5 71. Qf6 Kc4 72. Qc3+ Kd5 73. a3 Kd6 74. Qf6+ Kc7 75. Qd8+ Kb7 76. Qe7+ Qxe7 77. Bxe7 Bf3 78. Kg1 Kc6 79. Kf1 f4 80. gxf4 Bg4 81. Ke1 h5 82. Kd2 Bf5 83. Kc3 Kb6 84. Kb4 Bd3 85. Bc5+ Ka6 86. Be3 Bf5 87. Kc5 Bd3 88. Bd2 Be4 89. Bc3 Bd3 90. Kc6 Be4+ 91. Kd6 Bf5 92. Kc5 Bc2 93. b4 Bd3 94. Bd4 Bc2 95. a4 bxa4 96. b5+ Kb7 97. Kb4 1/2-1/2

[Event "EU Union-ch"]
[Site "Cork"]
[Date "2005.03.23"]
[Round "2"]
[White "Molander, Riku"]
[Black "Hebden, Mark"]
[Result "0-1"]
[WhiteElo "2353"]
[BlackElo "2521"]
[PlyCount "82"]
[EventDate "2005.03.22"]
[EventType "swiss"]
[EventRounds "10"]
[EventCountry "IRL"]
[SourceTitle "CBM 105 Extra"]
[Source "ChessBase"]
[SourceDate "2005.05.01"]
[SourceVersion "1"]
[SourceVersionDate "2005.05.01"]
[SourceQuality "1"]

1. e4 e5 2. Nf3 Nc6 3. Nc3 Nf6 4. d4 exd4 5. Nxd4 Bb4 6. Nxc6 bxc6 7. Bd3 0-0 8. 0-0 d5 9. Bd2 Rb8 10. Re1 Ng4 11. h3 Ne5 12. Bf1 Ng6 13. a3 Be7 14. Rb1 Be6 15. Qh5 d4 16. Na4 f5 17. b4 fxe4 18. Nc5 Bxc5 19. Qxc5 Qf6 20. Rxe4 Qxf2+ 21. Kh1 Bd5 22. Rxd4 Rbd8 23. Rd3 Ne5 24. Qxf2 Rxf2 25. Re3 Rdf8 26. Ree1 Rxd2 27. Rxe5 Rxc2 28. Re7 Rxf1+ 29. Rxf1 Bxg2+ 30. Kg1 Bxf1 31. Kxf1 Rc3 32. Kg2 Rxa3 33. Rxc7 Ra6 34. Kg3 Rb6 35. Rxa7 Rxb4 36. Rc7 Rc4 37. h4 h5 38. Re7 c5 39. Rd7 Rg4+ 40. Kh3 c4 41. Rd5 g6 0-1

[Event "Rilton Cup 34th"]
[Site "Stockholm"]
[Date "2005.01.03"]
[Round "7"]
[White "Poley, Vladimir"]
[Black "Molander, Riku"]
[Result "1/2-1/2"]
[WhiteElo "2402"]
[BlackElo "2328"]
[PlyCount "95"]
[EventDate "2004.12.27"]
[EventType "swiss"]
[EventRounds "9"]
[EventCountry "SWE"]
[SourceTitle "CBM 104 Extra"]
[Source "ChessBase"]
[SourceDate "2005.03.01"]
[SourceVersion "1"]
[SourceVersionDate "2005.03.01"]
[SourceQuality "1"]

1. d4 e6 2. g3 Nf6 3. Bg2 Be7 4. Nc3 d5 5. Bg5 Nbd7 6. Nf3 0-0 7. 0-0 b6 8. a4 a6 9. Ne5 Bb7 10. f4 c5 11. e3 Rc8 12. Qe2 Ne4 13. Nxe4 dxe4 14. Bxe7 Qxe7 15. Nxd7 Qxd7 16. dxc5 Rxc5 17. Rfd1 Qc7 18. c3 Bd5 19. Rd4 f5 20. Bf1 b5 21. axb5 axb5 22. Qd1 h6 23. Ra6 Rb8 24. Rb4 Bc4 25. Qd6 Qxd6 26. Rxd6 Rd5 27. Rxd5 exd5 28. Bh3 g6 29. g4 fxg4 30. Bxg4 Kf7 31. Kf2 Ke7 32. Be2 Bxe2 33. Kxe2 Kd6 34. Rd4 Kc5 35. Rd1 Ra8 36. Kd2 Ra6 37. Rg1 Rf6 38. h4 b4 39. Kc2 Rb6 40. Kb3 bxc3+ 41. Kxc3 d4+ 42. exd4+ Kd5 43. b4 Rc6+ 44. Kb3 Kxd4 45. b5 Rf6 46. Rd1+ Kc5 47. h5 gxh5 48. Rh1 1/2-1/2

[Event "Helsinki Munukka 40"]
[Site "Helsinki"]
[Date "2005.??.??"]
[Round "5.2"]
[White "Molander, Riku"]
[Black "Norri, Joose"]
[Result "1/2-1/2"]
[WhiteElo "2328"]
[BlackElo "2420"]
[PlyCount "31"]
[EventDate "2005.??.??"]
[EventType "swiss"]
[EventRounds "7"]
[EventCountry "FIN"]
[SourceTitle "EXT 2022"]
[Source "ChessBase"]
[SourceDate "2021.10.06"]
[SourceVersion "1"]
[SourceVersionDate "2021.10.06"]
[SourceQuality "1"]

1. e4 e5 2. Nf3 Nc6 3. Nc3 Nf6 4. d4 exd4 5. Nxd4 Bb4 6. Nxc6 bxc6 7. Bd3 0-0 8. 0-0 d5 9. exd5 cxd5 10. Bg5 c6 11. Qf3 Be7 12. Rae1 h6 13. Bxh6 gxh6 14. Qe3 d4 15. Qxh6 Qd6 16. Qg5+ 1/2-1/2